Request For Ratification Of Mining Lease In Respect Of Ashanti Bauxite Limited (Record no. 4250)

MARC details
000 -LEADER
fixed length control field 00634nam a22001817a 4500
003 - CONTROL NUMBER IDENTIFIER
control field OSt
005 - DATE AND TIME OF LATEST TRANSACTION
control field 20240729120426.0
008 - FIXED-LENGTH DATA ELEMENTS--GENERAL INFORMATION
fixed length control field 240729b |||||||| |||| 00| 0 eng d
041 ## - LANGUAGE CODE
Language code of text/sound track or separate title English
082 ## - DEWEY DECIMAL CLASSIFICATION NUMBER
Edition information CR/ABL/24 Acc.no.:9302 C1
100 ## - MAIN ENTRY--PERSONAL NAME
Personal name JINAPOR A., Samuel
110 ## - MAIN ENTRY--CORPORATE NAME
Corporate name or jurisdiction name as entry element Ministry Of Lands And Natural Resources
245 ## - TITLE STATEMENT
Title Request For Ratification Of Mining Lease In Respect Of Ashanti Bauxite Limited
260 ## - PUBLICATION, DISTRIBUTION, ETC.
Place of publication, distribution, etc. Accra
Name of publisher, distributor, etc. Ministry Of Lands And Natural Resources
Date of publication, distribution, etc. 2024
300 ## - PHYSICAL DESCRIPTION
Extent 37p., 7p., diagrams, tabs.;
653 ## - INDEX TERM--UNCONTROLLED
Uncontrolled term Ratification Of Mining Lease In Respect Of Ashanti Bauxite Limited 2024.
942 ## - ADDED ENTRY ELEMENTS (KOHA)
Source of classification or shelving scheme Dewey Decimal Classification
Koha item type Memorandum
Suppress in OPAC No

No items available.

©2026  Parliament of Ghana Library - All rights reserved